000 00410nam a2200157 a 4500
005 20140115085558.0
008 140115b ck ||||| |||| 00| 0 spa d
041 _aspa
090 _aEA
_b00029
110 _bCorporación Autónoma Regional de Risaralda
_9951
245 _aControl biológico de la mosca
260 _aPereira
_bCARDER
_c[199?]
300 _a12 p.
942 _cImpreso
_2z
945 _d2005-05-17
999 _c4468
_d4468